LDR 01304nam a2200277 4500 001 000000367526 003 CaOOAMICUS 005 20260429124134.0 008 260429s1979 gw 000 u lat r 020 $a3-7752-5315-7 040 $aSeMil$bita 245 00$a2.2: Concilia Aevi Karolini 1. /$c[recensuit Albertus Werminghoff]. 264 1$aHannover :$bHahnsche Buchhandlung,$c1979. 300 $aXI, P. 467-1015 ;$c30 cm 500 $aRilegato con SL1.J II 24/1 534 $a[Unveränderter Nachdruck der 1908 bei der Hahnschen Buchhandlung, Hannover und Leipzig, erschienenen Ausgabe] 650 4$aConcili - Storia - Medioevo - Fonti.$0(OLS)http://semarc/subject/60128 650 4$aCarolingi
- Storia - Fonti.$0(OLS)http://semarc/subject/2404 700 1 $aWerminghoff, Albert,$d<1869-1923>.$0(OLS)http://semarc/name/124285 773 0 $tConcilia.$dHannover : Hahnsche Buchhandlung, 1979-1989.$w()367522 850 $aSeMil 852 $aSeMil$W1$xVenegono$y1$mSL1.J II 24/2$j271159$B258215$CSeMilBibl$Z2$F258215 $8I 996 $6020$a3-7752-5315-7$9(OLS)http://semarc/number/305793 996 $6245$a2.2: Concilia Aevi Karolini 1.$9(OLS)http://semarc/title/459482 996 $6264$aHannover :$bHahnsche Buchhandlung$9(OLS)http://semarc/publisher/32294